Problem management/dispute resolution in partnering contracts (Record no. 81094)

MARC details
000 -LEADER
fixed length control field 01403cab a22002175a 4500
001 - CONTROL NUMBER
control field L146238
008 - FIXED-LENGTH DATA ELEMENTS--GENERAL INFORMATION
fixed length control field 081217s2008 xxk f 000 0 eng d
035 ## - SYSTEM CONTROL NUMBER
System control number (Sirsi) u146238
041 0# - LANGUAGE CODE
Language code of text/sound track or separate title eng
100 1# - MAIN ENTRY--PERSONAL NAME
Personal name Baatz, N
245 00 - TITLE STATEMENT
Title Problem management/dispute resolution in partnering contracts
260 ## - PUBLICATION, DISTRIBUTION, ETC.
Date of publication, distribution, etc. 2008
490 #0 - SERIES STATEMENT
Series statement Proceedings of the Institution of Civil Engineers
-- Waste and Resource Management
Volume/sequential designation (161) August 2008, 115-120(6)
520 ## - SUMMARY, ETC.
Summary, etc. Discusses the problems that can arise in project team partnering which are often part of construction contracts. Defines partnering and notes the main partnering contracts. Using a worked example, explains how disputes may arise and how problems and disputes can be avoided. Considers whether the duties to co-operate or duties to act in good faith can make a practical difference. Comments on dispute resolution provisions in partnering contracts and suggests how disputes may be both avoided and resolved. Concludes that while partnering may be valuable it is not a panacea and that it is still necessary to consider how any possible dispute might be resolved.
590 ## - LOCAL NOTE (RLIN)
Local note KA
650 24 - SUBJECT ADDED ENTRY--TOPICAL TERM
Topical term or geographic name entry element MAY V GILES (VO)
650 24 - SUBJECT ADDED ENTRY--TOPICAL TERM
Topical term or geographic name entry element BALFOUR BEATTY CIVIL ENGINEERING LTD V DOCKLANDS LIGHT RAILWAY LTD
651 #4 - SUBJECT ADDED ENTRY--GEOGRAPHIC NAME
Geographic name United Kingdom
Chronological subdivision
690 ## - LOCAL SUBJECT ADDED ENTRY--TOPICAL TERM (OCLC, RLIN)
Topical term or geographic name as entry element MANAGEMENT-DISPUTE AVOIDANCE, MANAGEMENT AND RESOLUTION-DISPUTE MANAGEMENT AND RESOLUTION
942 ## - ADDED ENTRY ELEMENTS (KOHA)
Suppress in OPAC 0
Holdings
Withdrawn status Lost status Source of classification or shelving scheme Damaged status Not for loan Home library Current library Shelving location Date acquired Total Checkouts Full call number Barcode Date last seen Copy number Price effective from Koha item type
    Dewey Decimal Classification     London London Journal article 17/12/2008   L146238 146238-1001 06/08/2019 1 06/08/2019 Journal article